MSCE Windows 2000 designing all-in-one exam guide [Đĩa CD-ROM] /

Đã lưu trong:
Sonraí Bibleagrafaíochta
Príomhúdar: Brelsford, Harry
Údair Eile: Hinrichsen, Michael
Formáid: CD
Teanga:English
Foilsithe: New York : McGraw-Hill , 2001
Clibeanna: Cuir Clib Leis
Gan Chlibeanna, Bí ar an gcéad duine leis an taifead seo a chlibeáil!
Thư viện lưu trữ: Thư viện Trường Đại học Đà Lạt
LEADER 00765nam a2200277 4500
001 DLU030024480
005 ##200214
020 # # |a 0072129344 
041 # # |a eng 
082 # # |a 005.43  |b BR-H 
090 # # |a 005.43  |b BR-H 
100 # # |a Brelsford, Harry 
245 # # |a MSCE Windows 2000 designing all-in-one exam guide [Đĩa CD-ROM] /  |c Brelsford Harry, Hinrichsen Michael 
260 # # |a New York :  |b McGraw-Hill ,  |c 2001 
300 # # |a 1 đĩa CD-ROM 4 3/4 in. 
500 # # |a Tên sách: MSCE Windows 2000 designing all-in-one exam guide 
700 # # |a Hinrichsen, Michael 
992 # # |a 1052720 
994 # # |a DLU 
900 # # |a True 
911 # # |a Lê Nguyên Khang 
925 # # |a CD 
926 # # |a A 
927 # # |a CD 
980 # # |a Thư viện Trường Đại học Đà Lạt